000 00375nam a2200145Ia 4500
008 100122s9999 xx 000 0 und d
082 _b54972
_a520
100 _aRABIZA F
245 _aSPACE ADVENTURE IN YOUR HOME
260 _bMIR PUBLISHERS
_c1987
300 _a192
630 _aSPACE ADVENTURE IN YOUR HOME
730 _aSPACE ADVENTURE IN YOUR HOME
942 _cBOOK
999 _c376395
_d376392